[Event "13sen.WMH 2003 Senioren"]
[Site "Bad Zwischenahn(17.11.-29.11.2003)"]
[Date "2003.11.29"]
[Round "9.85"]
[White "Thielemann, Joachim"]
[Black "Fischer, Paul[37Hiltrup]"]
[Result "1-0"]
[WhiteElo "1838"]
[BlackElo "1745"]
[PlyCount "183"]


1. e4 Nc6 2. Nc3 e6 3. d4 Bb4 4. Nge2 Nf6 5. a3 Bxc3+ 6. Nxc3 d5 7. e5 Nd7 8.
Be2 a6 9. O-O O-O 10. f4 Ne7 11. Bg4 c5 12. Ne2 cxd4 13. Nxd4 Nc5 14. Kh1 Ne4
15. Qd3 b5 16. c3 Ng6 17. Nf3 Nh4 18. Ng5 Nxg5 19. fxg5 Ng6 20. Qd4 Qc7 21. Bf4
Qa7 22. Qd2 Bd7 23. Rae1 Rac8 24. Be3 Qc7 25. Bd4 Qd8 26. g3 Ne7 27. Qf2 Nc6
28. Bc5 Qxg5 29. Bxf8 Rxf8 30. Qf4 Qg6 31. Bh3 Qh5 32. Bg2 Qg6 33. g4 h6 34.
Rf2 Ne7 35. Ref1 Nc6 36. h4 h5 37. gxh5 Qxh5 38. Re1 Ne7 39. Qg5 Qxg5 40. hxg5
Nf5 41. Kh2 Rc8 42. Bf1 Kf8 43. Bd3 g6 44. Rf4 Ke7 45. Bxf5 exf5 46. Rh4 Ke6
47. Kg3 a5 48. Re3 a4 49. Kf2 Rc4 50. Rd4 Bc6 51. Kg3 Bb7 52. Kf4 Bc6 53. Rh3
Be8 54. Rh8 Ke7 55. Ke3 Bc6 56. Rc8 Kd7 57. Rb8 Ke6 58. Rxc4 dxc4 59. Kd4 f4
60. Rd8 Kf5 61. Rd6 Be8 62. Rf6+ Kxg5 63. Ke4 Bd7 64. Rxf4 Bf5+ 65. Ke3 Be6 66.
Rf2 Kg4 67. Rg2+ Kf5 68. Kd4 g5 69. Rf2+ Kg6 70. Ke3 Bd5 71. Rf6+ Kh5 72. Rb6
g4 73. Kf2 Kg5 74. Rxb5 Be6 75. Kg3 Kf5 76. Ra5 Ke4 77. Rxa4 Kxe5 78. Ra5+ Ke4
79. Ra6 Kd3 80. Rd6+ Kc2 81. Rb6 Kd3 82. a4 Ke4 83. Rxe6+ fxe6 84. a5 Kd5 85.
Kxg4 Kc5 86. Kf4 Kb5 87. Ke5 Kxa5 88. Kxe6 Ka4 89. Kd5 Kb3 90. Kc5 Kxb2 91.
Kxc4 Ka3 92. Kb5 1-0

[Event "13sen.WMH 2003 Senioren"]
[Site "Bad Zwischenahn(17.11.-29.11.2003)"]
[Date "2003.11.29"]
[Round "9.86"]
[White "Wittmann, Georg"]
[Black "Wulf, Adalbert"]
[Result "1/2-1/2"]
[WhiteElo "1820"]
[BlackElo "1800"]
[PlyCount "39"]


1. c4 Nf6 2. Nc3 d5 3. cxd5 Nxd5 4. e4 Nxc3 5. bxc3 g6 6. Nf3 Bg7 7. d4 c5 8.
Bc4 O-O 9. O-O Qc7 10. Qc2 Nc6 11. Rb1 Bg4 12. Be3 Na5 13. Nd2 Nxc4 14. Nxc4
cxd4 15. cxd4 Rac8 16. Rfc1 b6 17. Qb3 Qd8 18. f3 Bd7 19. Ne5 Qe8 20. Rxc8
1/2-1/2

[Event "13sen.WMH 2003 Senioren"]
[Site "Bad Zwischenahn(17.11.-29.11.2003)"]
[Date "2003.11.29"]
[Round "9.87"]
[White "Grabara, Manfred"]
[Black "Nopp, Josef"]
[Result "1-0"]
[WhiteElo "1741"]
[BlackElo "1638"]
[PlyCount "79"]


1. f4 Nf6 2. b3 g6 3. Bb2 Bg7 4. Nf3 O-O 5. e3 c5 6. c4 d6 7. Be2 Bg4 8. O-O
Bxf3 9. Bxf3 Qd7 10. g4 Nc6 11. h3 Rad8 12. Nc3 Ne8 13. Rb1 e6 14. Bxc6 Qxc6
15. d4 cxd4 16. exd4 Nc7 17. Qd3 Rfe8 18. g5 d5 19. c5 f5 20. b4 a6 21. a4 Qd7
22. b5 axb5 23. axb5 Ra8 24. Ra1 Rxa1 25. Rxa1 Rb8 26. Ra7 Ne8 27. b6 Qc6 28.
Nb5 Qc8 29. Qa3 Qd7 30. Qa5 Qc6 31. Kg2 Bf8 32. Ba3 Qd7 33. Qb4 Qc8 34. Qa5 Qc6
35. h4 Ng7 36. Kf3 Nh5 37. Nc7 Qd7 38. Qb5 Qxb5 39. Nxb5 Ng7 40. Nd6 1-0

[Event "13sen.WMH 2003 Senioren"]
[Site "Bad Zwischenahn(17.11.-29.11.2003)"]
[Date "2003.11.29"]
[Round "9.88"]
[White "Langer, Wolfgang[39Leipz]"]
[Black "Mueller, Heinz[41Sandersd]"]
[Result "1-0"]
[WhiteElo "1800"]
[BlackElo "1777"]
[PlyCount "57"]


1. d4 Nf6 2. g3 e6 3. Bg2 d5 4. Nf3 Bd6 5. c4 c6 6. Nbd2 O-O 7. O-O Nbd7 8. b3
b6 9. Bb2 Bb7 10. Ne5 c5 11. e3 Qc7 12. f4 cxd4 13. exd4 Rfd8 14. Rc1 Qb8 15.
Qe2 a5 16. g4 a4 17. g5 Ne8 18. f5 Nxe5 19. dxe5 Bc5+ 20. Kh1 Nc7 21. g6 hxg6
22. fxg6 fxg6 23. Qg4 d4 24. Ne4 axb3 25. Qxg6 Rf8 26. Nf6+ Rxf6 27. exf6 Qf8
28. Bxb7 Rb8 29. f7+ 1-0

[Event "13sen.WMH 2003 Senioren"]
[Site "Bad Zwischenahn(17.11.-29.11.2003)"]
[Date "2003.11.29"]
[Round "9.89"]
[White "Grassmehl, Gerhard"]
[Black "Schwichtenberg, Juergen"]
[Result "1/2-1/2"]
[WhiteElo "1721"]
[BlackElo "1671"]
[PlyCount "22"]


1. d4 Nf6 2. c4 e5 3. dxe5 Ne4 4. Nf3 Bb4+ 5. Bd2 Nxd2 6. Nbxd2 Nc6 7. a3 Bxd2+
8. Qxd2 Qe7 9. e3 O-O 10. Be2 Re8 11. O-O Nxe5 1/2-1/2

[Event "13sen.WMH 2003 Senioren"]
[Site "Bad Zwischenahn(17.11.-29.11.2003)"]
[Date "2003.11.29"]
[Round "9.90"]
[White "Schwarz, Werner[40Fürth]"]
[Black "Erbs, Wolfgang"]
[Result "1-0"]
[WhiteElo "1725"]
[BlackElo "1727"]
[PlyCount "33"]


1. e4 e5 2. f4 Bc5 3. Nf3 Nc6 4. c3 d6 5. d4 exd4 6. cxd4 Bb4+ 7. Bd2 Bxd2+ 8.
Nbxd2 Nf6 9. Bd3 O-O 10. a3 Re8 11. O-O Bg4 12. Qc2 h6 13. Rae1 Bd7 14. Bc4 Na5
15. Ba2 c6 16. b4 Rc8 17. bxa5 1-0

[Event "13sen.WMH 2003 Senioren"]
[Site "Bad Zwischenahn(17.11.-29.11.2003)"]
[Date "2003.11.29"]
[Round "9.91"]
[White "Sarkosch, Nerssi,Dr."]
[Black "Pitro, Erwin"]
[Result "0-1"]
[WhiteElo "1646"]
[BlackElo "1947"]
[PlyCount "74"]


1. c4 g6 2. g3 Bg7 3. Bg2 c6 4. Nf3 d6 5. O-O Nh6 6. Nc3 O-O 7. b3 Na6 8. Bb2
f6 9. e4 Nf7 10. d3 e5 11. Nh4 Nh6 12. h3 f5 13. exf5 gxf5 14. f4 exf4 15. Rxf4
Be5 16. Rf3 Qg5 17. Bc1 Qg7 18. Qe1 Bxc3 19. Bxh6 Qf6 20. Bxf8 Bxe1 21. Rxe1
Qxf8 22. g4 Kh8 23. Nxf5 Bxf5 24. Rxf5 Qg7 25. Rf4 Nc5 26. Be4 Rf8 27. Rxf8+
Qxf8 28. Bf5 Qf6 29. Kh1 a5 30. d4 Qxd4 31. Re8+ Kg7 32. Re7+ Kf6 33. Rxh7 Qa1+
34. Kg2 Qxa2+ 35. Kh1 Qxb3 36. Rh6+ Ke5 37. Rh5 Kf4 0-1

[Event "13sen.WMH 2003 Senioren"]
[Site "Bad Zwischenahn(17.11.-29.11.2003)"]
[Date "2003.11.29"]
[Round "9.92"]
[White "Filzmaier, Bruno"]
[Black "Fiedler, Eduard"]
[Result "1-0"]
[WhiteElo "1784"]
[BlackElo "1734"]
[PlyCount "131"]


1. a3 g6 2. d4 Bg7 3. Nf3 d5 4. e3 Bg4 5. h3 Bd7 6. c4 c6 7. b4 Nf6 8. Bb2 O-O
9. Nbd2 Ne4 10. cxd5 Nxd2 11. Qxd2 cxd5 12. Be2 e6 13. O-O Nc6 14. Rac1 Ne7 15.
b5 Nf5 16. a4 Re8 17. Rc2 Nd6 18. Rfc1 Rc8 19. Rxc8 Bxc8 20. Qc2 b6 21. Qc7 Nb7
22. Ba3 f6 23. Qb8 Bf8 24. Bxf8 Rxf8 25. Qxa7 Nd6 26. Rc6 Bb7 27. Rxd6 Qxd6 28.
Qxb7 Rf7 29. Qc6 Rd7 30. Ne1 Kf7 31. Nd3 Ke7 32. Qxd6+ Kxd6 33. Nb4 Ra7 34. Bd1
e5 35. Bb3 exd4 36. exd4 Re7 37. Kf1 Re4 38. Nc6 Re8 39. Nb4 Re4 40. Nc2 f5 41.
f3 Re8 42. Nb4 Re3 43. Bxd5 Ra3 44. Bc6 Rxa4 45. Nd5 Rxd4 46. Nxb6 Kc7 47. Nd5+
Kd6 48. Nf6 Rh4 49. Kf2 h6 50. g3 Ra4 51. Ng8 h5 52. h4 Ra7 53. Nf6 Ra3 54. Nd5
Ke5 55. Nf4 Ra2+ 56. Kg1 Kf6 57. b6 Rb2 58. b7 Rb3 59. Kf2 Rb2+ 60. Ke3 g5 61.
hxg5+ Kxg5 62. Ne6+ Kf6 63. Nc5 Kg5 64. Ne6+ Kf6 65. Nd4 Kg5 66. Bb5 1-0

[Event "13sen.WMH 2003 Senioren"]
[Site "Bad Zwischenahn(17.11.-29.11.2003)"]
[Date "2003.11.29"]
[Round "9.93"]
[White "Keze, Arnis"]
[Black "Bartle, Georg"]
[Result "1-0"]
[WhiteElo "1824"]
[BlackElo "1682"]
[PlyCount "62"]


1. d4 f5 2. c4 Nf6 3. Nc3 g6 4. Nf3 Bg7 5. Bf4 O-O 6. Qd2 d6 7. Bh6 a6 8. h4
Nh5 9. Bxg7 Kxg7 10. e3 Nd7 11. Be2 e5 12. Ng5 Ndf6 13. O-O-O h6 14. dxe5 hxg5
15. exf6+ Qxf6 16. hxg5 Qxg5 17. f4 Qh6 18. Qd4+ Kg8 19. Rh3 Qg7 20. Bxh5 Qxd4
21. exd4 gxh5 22. Rxh5 Be6 23. d5 Bd7 24. Rdh1 Rac8 25. Rh8+ Kf7 26. R1h7+ Ke8
27. Rxf8+ Kxf8 28. Rxd7 Ke8 29. Rh7 b6 30. Rh8+ Kd7 31. Rxc8 Kxc8 1-0

[Event "13sen.WMH 2003 Senioren"]
[Site "Bad Zwischenahn(17.11.-29.11.2003)"]
[Date "2003.11.29"]
[Round "9.94"]
[White "Gutknecht, Christa"]
[Black "Moeckel, Edgar,Dr."]
[Result "1/2-1/2"]
[WhiteElo "1666"]
[BlackElo "1805"]
[PlyCount "113"]


1. d4 d5 2. Nf3 Nf6 3. e3 Bg4 4. Nbd2 e6 5. Be2 c5 6. c3 Nc6 7. O-O Be7 8. Re1
O-O 9. h3 Bh5 10. dxc5 Bxc5 11. Nb3 Be7 12. Nfd4 Bxe2 13. Qxe2 a6 14. Nxc6 bxc6
15. Nd4 Qb6 16. c4 Rfc8 17. b3 Nd7 18. Bb2 Bf6 19. Rab1 Rab8 20. Rec1 a5 21.
Rc2 Qa6 22. Qg4 Ne5 23. Qe2 dxc4 24. bxc4 a4 25. Rbc1 a3 26. Ba1 Nd7 27. Nb3
Bxa1 28. Rxa1 Nf6 29. Rd1 Rd8 30. Rcd2 Qb6 31. Rd4 Rxd4 32. Rxd4 Rd8 33. Qd3
Rxd4 34. exd4 Qb4 35. Qc2 Qe1+ 36. Kh2 h6 37. Nc1 Ne4 38. Nd3 Qc3 39. Qxc3 Nxc3
40. Nc1 Kf8 41. Kg1 Ke7 42. f3 Kd6 43. Kf2 c5 44. Ke3 cxd4+ 45. Kxd4 Na4 46.
Nd3 f6 47. f4 g5 48. g3 Kc6 49. Nb4+ Kd6 50. Nc2 e5+ 51. fxe5+ fxe5+ 52. Kd3
Nb2+ 53. Kc3 Nd1+ 54. Kb4 e4 55. Nd4 Ke5 56. Ne2 Nb2 57. Kb5 1/2-1/2

[Event "13sen.WMH 2003 Senioren"]
[Site "Bad Zwischenahn(17.11.-29.11.2003)"]
[Date "2003.11.29"]
[Round "9.95"]
[White "Mueller, Helmut[30Lüneb]"]
[Black "Fries, Karl-Heinz"]
[Result "0-1"]
[WhiteElo "1694"]
[BlackElo "1744"]
[PlyCount "42"]


1. d4 d5 2. c4 e6 3. Nc3 f5 4. Nf3 c6 5. Bf4 Bd6 6. Bxd6 Qxd6 7. e3 Nf6 8. c5
Qe7 9. Be2 O-O 10. O-O b6 11. b4 a5 12. Na4 Nbd7 13. bxa5 bxc5 14. Nb6 Rxa5 15.
Nxc8 Rxc8 16. Qd2 Rca8 17. dxc5 Ne4 18. Qb2 Rb8 19. Qd4 e5 20. Qd3 Rb2 21. a3
Ndxc5 0-1

[Event "13sen.WMH 2003 Senioren"]
[Site "Bad Zwischenahn(17.11.-29.11.2003)"]
[Date "2003.11.29"]
[Round "9.96"]
[White "Petzold, Rolf"]
[Black "Feldmann, Klaus[39Varel]"]
[Result "1/2-1/2"]
[WhiteElo "1639"]
[BlackElo "1829"]
[PlyCount "78"]


1. d4 d6 2. Nf3 Bg4 3. Nbd2 Nf6 4. g3 c6 5. Bg2 g6 6. O-O Qd7 7. Re1 Bg7 8. Nf1
O-O 9. c4 Na6 10. Ne3 Bxf3 11. Bxf3 Rab8 12. Rb1 e5 13. dxe5 dxe5 14. Bg2 Qe6
15. a3 Rfd8 16. Qc2 Rd7 17. Bd2 Ng4 18. Nxg4 Qxg4 19. Be3 Ra8 20. b4 Nc7 21.
Red1 Rxd1+ 22. Rxd1 Bf6 23. h3 Qe6 24. Kh2 Qe8 25. a4 Ne6 26. b5 Nd4 27. Bxd4
exd4 28. Qe4 cxb5 29. axb5 Rb8 30. Qd3 Qe5 31. Bd5 b6 32. Rd2 Re8 33. Ra2 Re7
34. Kg2 Rd7 35. Qf3 Qe7 36. Qe4 Qxe4+ 37. Bxe4 Be7 38. Bd5 Bc5 39. Rd2 Re7
1/2-1/2

[Event "13sen.WMH 2003 Senioren"]
[Site "Bad Zwischenahn(17.11.-29.11.2003)"]
[Date "2003.11.29"]
[Round "9.97"]
[White "Fritsch, Juergen,Dr."]
[Black "Bredendick, Franz"]
[Result "1-0"]
[WhiteElo "1851"]
[BlackElo "1792"]
[PlyCount "85"]


1. e4 c5 2. Nf3 Nc6 3. Bb5 a6 4. Bxc6 bxc6 5. O-O d6 6. b3 Qc7 7. Bb2 e5 8. d3
Be7 9. Nbd2 Be6 10. Ne1 d5 11. f4 Bd6 12. f5 Bc8 13. Qf3 Nf6 14. g4 h6 15. Qg2
Bb7 16. c4 d4 17. Nef3 Qe7 18. Kf2 Nh7 19. Ke2 a5 20. Qg3 Kd7 21. h4 f6 22. Ng1
Bc7 23. Nh3 Bd8 24. Nf3 a4 25. g5 hxg5 26. hxg5 Bc7 27. Nh4 Nf8 28. Rg1 Qf7 29.
gxf6 gxf6 30. Nf3 Ke8 31. Nf2 axb3 32. axb3 Rxa1 33. Rxa1 Bb6 34. Rg1 Bc8 35.
Qg7 Rh7 36. Qxf7+ Kxf7 37. Ng4 Nd7 38. Bc1 Nf8 39. Ngxe5+ fxe5 40. Ng5+ Kg7 41.
Nxh7+ Kxh7 42. Bg5 Kg8 43. Bd8+ 1-0

[Event "13sen.WMH 2003 Senioren"]
[Site "Bad Zwischenahn(17.11.-29.11.2003)"]
[Date "2003.11.29"]
[Round "9.98"]
[White "Bitzer, Dieter"]
[Black "Hesselbarth, Karlheinz"]
[Result "1/2-1/2"]
[WhiteElo "1735"]
[BlackElo "1720"]
[PlyCount "49"]


1. e4 e5 2. Nf3 Nc6 3. Bc4 Bc5 4. Nc3 Nf6 5. d3 d6 6. Bg5 Be6 7. Nd5 Na5 8.
Nxf6+ gxf6 9. Bxe6 fxg5 10. Bf5 Nc6 11. Qd2 h6 12. h4 Rg8 13. hxg5 hxg5 14.
O-O-O Nd4 15. Nxd4 Bxd4 16. c3 Bb6 17. f3 Qf6 18. Rh7 d5 19. Rdh1 dxe4 20. fxe4
Qd6 21. Rf1 Rd8 22. Rh3 c5 23. c4 Qe7 24. Qc2 Rd4 25. g4 1/2-1/2

[Event "13sen.WMH 2003 Senioren"]
[Site "Bad Zwischenahn(17.11.-29.11.2003)"]
[Date "2003.11.29"]
[Round "9.99"]
[White "Helmsen, Franz"]
[Black "Kudoke, Willy"]
[Result "1-0"]
[WhiteElo "1958"]
[BlackElo "1847"]
[PlyCount "49"]


1. e4 c5 2. Nf3 Nc6 3. d4 cxd4 4. Nxd4 g6 5. Nc3 Bg7 6. Be3 d6 7. Qd2 Nf6 8. f3
O-O 9. Bc4 Bd7 10. h4 Nxd4 11. Bxd4 h5 12. O-O-O Rc8 13. Bb3 Qa5 14. Kb1 Rfe8
15. Bxf6 Bxf6 16. Nd5 Qxd2 17. Nxf6+ exf6 18. Rxd2 Rc6 19. Rhd1 Kf8 20. Rxd6
Rxd6 21. Rxd6 Ke7 22. Rd1 Rc8 23. Kc1 Rc7 24. Bd5 b6 25. b3 1-0

[Event "13sen.WMH 2003 Senioren"]
[Site "Bad Zwischenahn(17.11.-29.11.2003)"]
[Date "2003.11.29"]
[Round "9.100"]
[White "Weber, Gerhard,Dr.[34Levk]"]
[Black "Nolte, Wilhelm"]
[Result "1-0"]
[WhiteElo "1879"]
[BlackElo "1670"]
[PlyCount "69"]


1. e4 e6 2. d4 d5 3. Nd2 dxe4 4. Nxe4 Bd7 5. Bd3 Bc6 6. Nf3 Bxe4 7. Bxe4 c6 8.
c3 Nf6 9. Bg5 Nbd7 10. Bc2 h6 11. Bh4 Be7 12. Qe2 Qb6 13. Rb1 O-O 14. Ne5 Rfe8
15. O-O Qc7 16. Rbe1 Nf8 17. f4 Nd5 18. Bg3 c5 19. f5 Bd6 20. fxe6 fxe6 21. Rf7
Re7 22. Ref1 Bxe5 23. Bxe5 Qd7 24. R7f3 Nh7 25. Bxh7+ Kxh7 26. dxc5 Kg8 27. Bd6
Nf6 28. Bxe7 Qxe7 29. b4 e5 30. Rd3 e4 31. Rd6 b6 32. Qc4+ Kh7 33. Re6 Qc7 34.
Rfxf6 gxf6 35. Qxe4+ 1-0

[Event "13sen.WMH 2003 Senioren"]
[Site "Bad Zwischenahn(17.11.-29.11.2003)"]
[Date "2003.11.29"]
[Round "10"]
[White "Aigner, Georg"]
[Black "Keze, Arnis"]
[Result "0-1"]
[WhiteElo "1806"]
[BlackElo "1824"]
[PlyCount "156"]


1. e4 c5 2. Nf3 Nc6 3. d4 cxd4 4. Nxd4 d6 5. Nc3 Nf6 6. Bg5 e6 7. Ndb5 a6 8.
Bxf6 gxf6 9. Nd4 Qb6 10. Nb3 Bd7 11. a3 Be7 12. Qh5 Ne5 13. Qh6 O-O-O 14. Be2
Rdg8 15. Qh3 Ng6 16. g3 Kb8 17. Qh6 Bf8 18. Qd2 h5 19. Qd4 Qxd4 20. Nxd4 e5 21.
Nb3 f5 22. O-O-O fxe4 23. Nxe4 Bc6 24. f3 h4 25. Nf6 Rg7 26. Na5 Be7 27. Nxc6+
bxc6 28. Ne4 d5 29. Nf2 Rgh7 30. g4 Kb7 31. Bd3 h3 32. Bf5 Rh6 33. Bxg6 Rxg6
34. Kd2 Bc5 35. Ke2 Rf6 36. Rdf1 a5 37. Nd3 Bd6 38. b4 axb4 39. axb4 Kb6 40. c3
Re8 41. Nf2 Rh6 42. Kd3 Rf8 43. Ra1 f5 44. Ke2 fxg4 45. fxg4 e4 46. g5 Rh4 47.
Rag1 Be5 48. Nd1 Rg8 49. g6 Rh6 50. Rg5 Bf6 51. Rf5 Rgxg6 52. Rhf1 Rg2+ 53. Ke3
Bg5+ 54. Kd4 Re6 55. c4 dxc4 56. Nc3 e3 57. Na4+ Kc7 58. Rf7+ Re7 59. Rxe7+
Bxe7 60. Kxe3 Bxb4 61. Rf7+ Kd8 62. Rf6 c5 63. Rf5 c3 64. Nxc5 Bxc5+ 65. Rxc5
c2 66. Kf3 Kd7 67. Rc3 Kd6 68. Rc8 Kd5 69. Rd8+ Kc4 70. Rc8+ Kd3 71. Rd8+ Kc3
72. Rc8+ Kd2 73. Rd8+ Kc1 74. Rh8 Rd2 75. Re8 Kd1 76. Rg8 c1=Q 77. Rg1+ Kc2 78.
Rxc1+ Kxc1 0-1

[Event "13sen.WMH 2003 Senioren"]
[Site "Bad Zwischenahn(17.11.-29.11.2003)"]
[Date "2003.11.29"]
[Round "10"]
[White "Bakalarczyk, Wlodzimierz"]
[Black "Zeh, Helmut"]
[Result "1/2-1/2"]
[WhiteElo "1905"]
[BlackElo "1757"]
[PlyCount "54"]


1. d4 Nf6 2. c4 e6 3. Nf3 d5 4. g3 c6 5. Bg2 Be7 6. O-O O-O 7. Nc3 Re8 8. Ne5
Nbd7 9. f4 Nf8 10. c5 Qc7 11. b4 b6 12. Bb2 Bb7 13. Rc1 b5 14. g4 N6d7 15. Nxb5
cxb5 16. c6 Nxe5 17. cxb7 Qxb7 18. fxe5 Rac8 19. e3 Rxc1 20. Qxc1 Rc8 21. Qd1
Rc4 22. a3 a6 23. Rf3 Qc8 24. Bf1 Rc6 25. Bd3 g6 26. Qe1 Bg5 27. h4 Bh6 1/2-1/2

[Event "13sen.WMH 2003 Senioren"]
[Site "Bad Zwischenahn(17.11.-29.11.2003)"]
[Date "2003.11.29"]
[Round "10"]
[White "Batakovs, Olegs"]
[Black "Filzmaier, Bruno"]
[Result "1-0"]
[WhiteElo "2123"]
[BlackElo "1784"]
[PlyCount "45"]


1. e4 e6 2. d4 d5 3. Nc3 dxe4 4. Nxe4 Nf6 5. Bd3 Nbd7 6. Nf3 Nxe4 7. Bxe4 Nf6
8. Bd3 Bd6 9. Qe2 O-O 10. Bg5 h6 11. Bh4 c5 12. dxc5 Bxc5 13. O-O-O Qc7 14.
Bxf6 Qf4+ 15. Kb1 Qxf6 16. Ne5 Qxf2 17. Qh5 Be7 18. g3 Qe3 19. h4 Qxg3 20. Rdg1
Qf4 21. Rf1 Qd2 22. Rxf7 Bf6 23. Rxf8+ 1-0

[Event "13sen.WMH 2003 Senioren"]
[Site "Bad Zwischenahn(17.11.-29.11.2003)"]
[Date "2003.11.29"]
[Round "10"]
[White "Becker, Karl-Heinz[31Köln]"]
[Black "Luebbers, Doris,Dr."]
[Result "1-0"]
[WhiteElo "1534"]
[BlackElo "1308"]
[PlyCount "81"]


1. d4 d5 2. e3 e6 3. Bd3 Nf6 4. Nd2 b6 5. Qe2 Be7 6. f4 Bb7 7. Ngf3 Ne4 8. O-O
Nd7 9. Ne5 O-O 10. Nxd7 Qxd7 11. Nf3 Bf6 12. g4 g6 13. Ne5 Qe7 14. Bxe4 dxe4
15. Bd2 Qd8 16. c4 Bxe5 17. fxe5 Qd7 18. Rf6 a5 19. a4 Rac8 20. Bc3 c5 21. b3
Qe7 22. Raf1 Rc7 23. h4 Kh8 24. Qh2 Rg8 25. Qf4 Rg7 26. Kf2 Kg8 27. g5 Kh8 28.
Rh1 Qe8 29. h5 Rg8 30. Qh4 Rg7 31. Qf4 Rg8 32. Ke1 Rg7 33. Kd2 Rg8 34. Kc2 Rg7
35. hxg6 Rxg6 36. Rxg6 fxg6 37. Qf6+ Kg8 38. Rf1 Qe7 39. Qxe7 Rxe7 40. dxc5
bxc5 41. Bxa5 1-0

[Event "13sen.WMH 2003 Senioren"]
[Site "Bad Zwischenahn(17.11.-29.11.2003)"]
[Date "2003.11.29"]
[Round "10"]
[White "Bergmann, Hans-Dieter"]
[Black "Bromberger, Guenter"]
[Result "1-0"]
[WhiteElo "1595"]
[BlackElo "1413"]
[PlyCount "89"]


1. e4 c6 2. d4 d5 3. e5 Bf5 4. Nc3 e6 5. g4 Bg6 6. Nge2 c5 7. Nf4 cxd4 8. Nxg6
hxg6 9. Qxd4 Nc6 10. Bb5 Qb6 11. Qf4 a6 12. Ba4 Bc5 13. a3 Qc7 14. b4 Ba7 15.
b5 axb5 16. Nxb5 Qa5+ 17. Bd2 Bxf2+ 18. Qxf2 Qxa4 19. Nd6+ Kd7 20. Qxf7+ Nge7
21. O-O Qd4+ 22. Qf2 Qxf2+ 23. Rxf2 Nxe5 24. Nxb7 Rac8 25. Bb4 N5c6 26. Nc5+
Kd6 27. Ne4+ Kd7 28. Nd6 Rcf8 29. Nf7 Rh4 30. Ne5+ Nxe5 31. Rxf8 Rxg4+ 32. Kh1
Nf5 33. Re1 Nf3 34. Rf7+ Kc8 35. Rf1 N5h4 36. Ba5 Rg2 37. Rc7+ Kb8 38. Rb1+ Ka8
39. Rc8+ Ka7 40. Bb6+ Kb7 41. Rc7+ Ka8 42. Ra7+ Kb8 43. Bd4+ Kc8 44. Be5 Rxc2
45. Rb8# 1-0

[Event "13sen.WMH 2003 Senioren"]
[Site "Bad Zwischenahn(17.11.-29.11.2003)"]
[Date "2003.11.29"]
[Round "10"]
[White "Bleher, Walter"]
[Black "Meinhardt, Guenther"]
[Result "1-0"]
[WhiteElo "1935"]
[BlackElo "1737"]
[PlyCount "103"]


1. e4 d5 2. exd5 Nf6 3. d4 Nxd5 4. Nf3 Bf5 5. Bd3 Bxd3 6. Qxd3 e6 7. O-O c6 8.
c4 Nf6 9. Nc3 Be7 10. Bg5 O-O 11. Rad1 Nbd7 12. Qe2 Re8 13. Rd2 Qc7 14. Ne5
Rad8 15. Rfd1 h6 16. Bh4 a6 17. Bg3 Qa5 18. a3 Nxe5 19. dxe5 Nh7 20. Ne4 Rxd2
21. Rxd2 Rd8 22. Rxd8+ Qxd8 23. Nd6 Bxd6 24. exd6 Qd7 25. Qe3 f6 26. Qb6 Nf8
27. Qc7 Kf7 28. f3 e5 29. c5 Ke6 30. Qb6 Kf7 31. Qb3+ Ne6 32. Qb6 g5 33. Kf2
Kg6 34. Ke3 h5 35. h3 h4 36. Bh2 Kf7 37. Qb4 Nd4 38. Qb6 Ke6 39. Kd2 Kd5 40.
Bg1 Qf5 41. Bxd4 exd4 42. Qb4 Qf4+ 43. Kd1 Qf5 44. Kc1 Qf4+ 45. Qd2 Qf5 46. b4
d3 47. Qe3 a5 48. Qe4+ Qxe4 49. fxe4+ Ke6 50. Kd2 axb4 51. axb4 b6 52. Kxd3 1-0

[Event "13sen.WMH 2003 Senioren"]
[Site "Bad Zwischenahn(17.11.-29.11.2003)"]
[Date "2003.11.29"]
[Round "10"]
[White "Bodenstein, Joachim"]
[Black "Ahlberg, Guenter"]
[Result "1-0"]
[WhiteElo "1862"]
[BlackElo "1932"]
[PlyCount "131"]


1. e4 c6 2. d4 d5 3. exd5 cxd5 4. Bd3 Nc6 5. c3 Nf6 6. Bf4 Bg4 7. Qb3 Qd7 8.
Ne2 Bxe2 9. Bxe2 e6 10. Nd2 Be7 11. Nf3 O-O 12. Ne5 Nxe5 13. dxe5 Ne4 14. O-O
a6 15. Rad1 Qc6 16. Qc2 g6 17. Rd3 b5 18. Rh3 f5 19. exf6 Bxf6 20. Bh6 Rf7 21.
Rf3 Bg7 22. Bxg7 Kxg7 23. Rxf7+ Kxf7 24. Bf3 Ng5 25. Be2 b4 26. Qd2 Ne4 27.
Qf4+ Kg8 28. cxb4 Rf8 29. Qe3 Rc8 30. Bd3 Nf6 31. Re1 Re8 32. Qc5 Qa4 33. a3
Qb3 34. Qc3 Qxc3 35. bxc3 Rc8 36. Rc1 a5 37. bxa5 d4 38. c4 Ra8 39. c5 Rxa5 40.
c6 Nd5 41. c7 Nxc7 42. Rxc7 Rxa3 43. Bf1 Ra1 44. f4 Rb1 45. Rd7 Rb4 46. Kf2 h6
47. Kf3 g5 48. fxg5 hxg5 49. Ke4 Rb1 50. Bc4 Re1+ 51. Kxd4 Kf8 52. Rd6 Rg1 53.
g3 Rg2 54. Rxe6 Rxh2 55. Rg6 Ke7 56. Ke5 Rc2 57. Bd5 Rc3 58. Rg7+ Kf8 59. Rxg5
Rc2 60. Be6 Ke7 61. Rg7+ Kf8 62. Ra7 Rf2 63. Bf5 Rb2 64. Kf6 Rb6+ 65. Be6 Rb8
66. Rh7 1-0

[Event "13sen.WMH 2003 Senioren"]
[Site "Bad Zwischenahn(17.11.-29.11.2003)"]
[Date "2003.11.29"]
[Round "10"]
[White "Bosbach, Manfred"]
[Black "Simon, Eberhard[30Berlin]"]
[Result "1-0"]
[WhiteElo "1766"]
[BlackElo "1773"]
[PlyCount "91"]


1. e4 c6 2. Nc3 d5 3. Nf3 Bg4 4. h3 Bxf3 5. Qxf3 Nf6 6. exd5 cxd5 7. Bb5+ Nc6
8. d4 e6 9. O-O Be7 10. Ne2 Qb6 11. Ba4 O-O 12. c3 Rac8 13. Ng3 Qa6 14. Bd1 Na5
15. Be2 Qc6 16. Bg5 h6 17. Bxf6 Bxf6 18. Nh5 Bd8 19. Qg4 g6 20. Nf4 Bg5 21. Nd3
Qc7 22. f4 f5 23. Qg3 Kh7 24. Ne5 Qe7 25. fxg5 hxg5 26. Nf3 Kh6 27. h4 gxh4 28.
Qxh4+ Qxh4 29. Nxh4 g5 30. Nf3 g4 31. Ne5 g3 32. Bb5 Nc6 33. Bxc6 bxc6 34. Nd3
Kg5 35. Rf3 Kh4 36. Re1 Rce8 37. Rfe3 Rf6 38. Nf4 Kg4 39. Rxe6 Ref8 40. Rxf6
Rxf6 41. Re6 Rf7 42. Nd3 Rc7 43. Ne5+ Kf4 44. Rxc6 Rb7 45. Rg6 Rxb2 46. Nd3+
1-0

[Event "13sen.WMH 2003 Senioren"]
[Site "Bad Zwischenahn(17.11.-29.11.2003)"]
[Date "2003.11.29"]
[Round "10"]
[White "Brandt, Fred"]
[Black "Kunze, Manfred"]
[Result "1-0"]
[WhiteElo "1641"]
[BlackElo "1550"]
[PlyCount "91"]


1. d4 Nf6 2. Nf3 e6 3. Bg5 Be7 4. e3 d5 5. Nbd2 Nbd7 6. Bd3 b6 7. O-O Bb7 8.
Ne5 Ne4 9. Bxe7 Qxe7 10. Bb5 Bc8 11. Nxe4 dxe4 12. Bc6 Rb8 13. Nxd7 Bxd7 14.
Bxe4 O-O 15. f4 Rbd8 16. Rf3 f5 17. Bd3 Bc6 18. Rg3 Rf6 19. Qh5 Rdf8 20. c3 Rh6
21. Qxh6 Rf6 22. Qh4 Qf7 23. Re1 h6 24. e4 Kh7 25. exf5 exf5 26. Qh3 Be4 27. b3
c5 28. Bxe4 fxe4 29. Rxe4 Qd5 30. Re5 Qd6 31. Rg4 cxd4 32. Qd3+ g6 33. cxd4 Qa3
34. Qc2 Qd6 35. Qe4 Kg7 36. Rg3 h5 37. Re3 Qf8 38. Re7+ Kh6 39. g3 Qc8 40. Re1
Qg8 41. Rxa7 g5 42. fxg5+ Kxg5 43. Qe5+ Kg6 44. Re7 h4 45. Qe4+ Kg5 46. Qxh4+
1-0

[Event "13sen.WMH 2003 Senioren"]
[Site "Bad Zwischenahn(17.11.-29.11.2003)"]
[Date "2003.11.29"]
[Round "10"]
[White "Brandt, Wilhelm"]
[Black "Schneider, Miloca"]
[Result "1-0"]
[WhiteElo "1871"]
[BlackElo "1818"]
[PlyCount "49"]


1. d4 d5 2. c4 e6 3. Nc3 Nf6 4. Nf3 c5 5. e3 Nc6 6. a3 cxd4 7. Nxd4 Be7 8. cxd5
exd5 9. Bb5 Bd7 10. O-O O-O 11. Bd3 a6 12. Bd2 Nxd4 13. exd4 Qb6 14. Bc1 Bg4
15. Qd2 Qd6 16. h3 Bd7 17. Re1 Rfe8 18. Qf4 Bf8 19. Bd2 Qb6 20. b4 Bd6 21. Qh4
g6 22. Kh1 Ne4 23. Bxe4 dxe4 24. Nd5 Qxd4 25. Nf6+ 1-0

[Event "13sen.WMH 2003 Senioren"]
[Site "Bad Zwischenahn(17.11.-29.11.2003)"]
[Date "2003.11.29"]
[Round "10"]
[White "Bredendick, Franz"]
[Black "Stock, Hugo"]
[Result "1-0"]
[WhiteElo "1792"]
[BlackElo "1614"]
[PlyCount "87"]


1. e4 c5 2. Nf3 Nc6 3. d4 cxd4 4. Nxd4 Nf6 5. Nc3 e5 6. Nxc6 bxc6 7. a3 Be7 8.
Bd3 d6 9. h3 O-O 10. O-O Nd7 11. f4 exf4 12. Rxf4 Ne5 13. Rf1 Be6 14. Qe2 Qd7
15. Bf4 f6 16. Rad1 Rab8 17. Bc1 Kh8 18. Qe3 Bd8 19. Qg3 Bc7 20. Be2 Qf7 21. b3
Bxb3 22. cxb3 Rxb3 23. Qe1 Ba5 24. Bd2 Rxa3 25. Ra1 Bb6+ 26. Kh1 Rxa1 27. Qxa1
Bd4 28. Qa4 Bc5 29. Bf4 Ng6 30. Qxc6 Nxf4 31. Rxf4 Qb3 32. Rf3 Qb4 33. Nb5 a5
34. Qd5 a4 35. Bc4 Qe1+ 36. Rf1 Qb4 37. Nc7 Rc8 38. Ne6 Qb8 39. e5 fxe5 40. Ng5
h6 41. Nf7+ Kh7 42. Bd3+ g6 43. Bxg6+ Kg7 44. Qe6 1-0